|
|
|
|
| LEADER |
01831nam a2200481 a 4500 |
| 001 |
000558735 |
| 003 |
CZ BrMZK |
| 005 |
20070802090312.0 |
| 007 |
ta |
| 008 |
000115s2000 xr e bcze d |
| 015 |
|
|
|a cnb000886486
|
| 020 |
|
|
|a 80-7185-297-X
|
| 035 |
|
|
|a (OCoLC)47289790
|
| 040 |
|
|
|a BOA001
|b cze
|
| 043 |
|
|
|a e-au---
|
| 072 |
|
7 |
|a 355/359
|x Vojenství. Obrana země. Ozbrojené síly
|2 Konspekt
|9 15
|
| 072 |
|
7 |
|a 929
|x Biografie
|2 Konspekt
|9 8
|
| 080 |
|
|
|a 929
|2 MRF
|
| 080 |
|
|
|a 355.081
|2 MRF
|
| 080 |
|
|
|a 355.4(091)
|2 MRF
|
| 080 |
|
|
|a 355.02
|2 MRF
|
| 080 |
|
|
|a 94(436)
|2 MRF
|
| 080 |
|
|
|a 328/329
|2 MRF
|
| 080 |
|
|
|a (092)
|2 MRF
|
| 100 |
1 |
|
|a Havel, Petr,
|d 1951-2007
|7 jn20010601402
|
| 245 |
1 |
0 |
|a Maršál Radecký - vojevůdce pěti císařů /
|c Petr Havel, Andrej Romaňák
|
| 250 |
|
|
|a Vyd. 1.
|
| 260 |
|
|
|a Praha :
|b Paseka,
|c 2000
|
| 300 |
|
|
|a 363 s. :
|b il., mapy, noty, portréty ;
|c 21 cm
|
| 500 |
|
|
|a Bibliogr.
|
| 600 |
1 |
7 |
|a Radecký z Radče, Jan Josef Václav,
|c hrabě,
|d 1766-1858
|7 jn20000720238
|2 czenas
|
| 650 |
0 |
7 |
|a maršálové
|7 ph122651
|z Rakousko
|y 18.-19. stol.
|2 czenas
|
| 650 |
0 |
7 |
|a vojevůdci
|7 ph127216
|z Rakousko
|y 18.-19. stol.
|2 czenas
|
| 650 |
0 |
7 |
|a vojenské dějiny
|7 ph269104
|z Rakousko
|y 18.-19. stol.
|2 czenas
|
| 650 |
0 |
7 |
|a vojenská politika
|7 ph124245
|z Rakousko
|y 18.-19. stol.
|2 czenas
|
| 655 |
|
7 |
|a biografie
|7 fd131909
|2 czenas
|
| 651 |
|
7 |
|a Rakousko
|7 ge130612
|x dějiny
|y 18.-19. stol.
|2 czenas
|
| 651 |
|
7 |
|a Rakousko
|7 ge130612
|x politika a vláda
|y 18.-19. stol.
|2 czenas
|
| 700 |
1 |
|
|a Romaňák, Andrej,
|d 1932-
|7 jn20000620314
|
| 700 |
1 |
|
|a Radecký z Radče, Jan Josef Václav,
|c hrabě,
|d 1766-1858
|7 jn20000720238
|
| 910 |
|
|
|a BOA001
|b 2-1084.624
|
| 990 |
|
|
|a BK
|
| 996 |
6 |
|
|b 2610133947
|c 2-1084.624
|l MZK
|r Sklad / do 1 hodiny
|n 5
|p p.v.
|w 000558735
|u 000010
|a 1
|e BOA001
|j MZK50
|s P
|